000 00331nam a22001217a 4500
008 190311b xxu||||| |||| 00| 0 eng d
041 _aeng
080 _a043.3
100 _a0
101 _aSI-MA
245 _aIdentification of key factors of digital transformation of Businesses: Case of Kosovo SMEs
_cSadriu,R
942 _2udc
_cBK
999 _c54679
_d54679